MARC

LEADER 00000nam0a2200000 4500
001 284328
005 20231101235702.0
035 |a (RuTPU)RU\TPU\book\308483 
090 |a 284328 
100 |a 20150213d1985 km y0rusy50 ca 
101 0 |a rus 
102 |a RU 
105 |a ac z 000zy 
200 1 |a Крылья победы  |f С. И. Руденко 
205 |a 2-е изд., доп. 
210 |a Москва  |c Международные отношения  |d 1985 
215 |a 400 с.  |c ил. 
225 1 |a Военные мемуары 
606 1 |a Военно-воздушные силы (ВВС) в Великой Отечественной войне 1941-1945  |2 stltpush  |3 (RuTPU)RU\TPU\subj\66672  |9 82723 
610 1 |a летчики 
610 1 |a Великая Отечественная война 1941-1945 
610 1 |a боевые операции 
610 1 |a мемуары 
610 1 |a воспоминания 
686 |a Т3(2)622-35: Ц65  |v LBC/SL-A  |2 rubbk 
700 1 |a Руденко  |b С. И.  |g Сергей Игнатьевич 
801 1 |a RU  |b 63413507  |c 20150213 
801 2 |a RU  |b 63413507  |c 20170928  |g RCR 
942 |c BK